Just 3 Words: US Presidents Quiz Stats

Quiz Updated Jan 20, 2017

Challenge
Share
Tweet
Embed
Score 0/44 Timer 06:00
1 Play Today
Words President % Correct
Afghanistan - Gore - IraqGeorge W. Bush
91.4%
Change - Hope - OsamaBarack Obama
90.4%
Actor - Nancy - SDIRonald Reagan
89.9%
Deal - Fear - WheelchairFranklin D. Roosevelt
88.7%
Booth - Civil - HonestAbraham Lincoln
88.2%
Camelot - Dallas - OswaldJohn F. Kennedy
88%
First - Precedent - TallGeorge Washington
87.9%
Agnew - Resign - TrickyRichard Nixon
85.8%
Arkansas - Scandal - SurplusBill Clinton
83.9%
CIA - Kuwait - LipsGeorge H.W. Bush
83.2%
Georgia - Mondale - PeanutJimmy Carter
81.8%
Twitter - Wall - MogulDonald Trump
81.7%
Humphrey - Society - VietnamLyndon B. Johnson
80.3%
General - Highway - NixonDwight Eisenhower
76.1%
Barkley - Bomb - DeweyHarry S. Truman
72.5%
Betty - Pardon - RockefellerGerald R. Ford
71.6%
Abigail - Rotundity - XYZJohn Adams
71%
Burr - Embargo - LouisianaThomas Jefferson
69.3%
Impeached - Tailor - TennesseeAndrew Johnson
68.7%
Doctrine - Feelings - TompkinsJames Monroe
67.1%
Depression - Lou - StanfordHerbert Hoover
66.9%
1812 - Constitution - ShortJames Madison
66.3%
Words President % Correct
32 - Pneumonia - TylerWilliam Henry Harrison
64.2%
Conservation - Trustbuster - YoungTheodore Roosevelt
60.6%
Frances - Nonconsecutive - StrikeGrover Cleveland
59.1%
Antitrust - Heft - JusticeWilliam Howard Taft
57.8%
Points - Princeton - StrokeWoodrow Wilson
54.4%
Bachelor - Pennsylvania - SecessionJames Buchanan
52.1%
Accidency - Harrison - TenthJohn Tyler
50.8%
Business - Massachusetts - SilentCalvin Coolidge
50.6%
Bargain - Calhoun - SonJohn Quincy Adams
48.3%
Florence - Ohio - TeapotWarren G. Harding
43.7%
Grandson - Hawaii - IndianapolisBenjamin Harrison
42.3%
Old - Rough - ReadyZachary Taylor
37.2%
Beard - Lucy - TildenRutherford B. Hayes
35.5%
Amistad - Johnson - KinderhookMartin Van Buren
34.5%
Dallas - Mexico - HickoryJames K. Polk
34%
Abram - Guiteau - LucretiaJames A. Garfield
33.7%
Compromise - Obscurity - WhigMillard Fillmore
33.3%
Buffalo - Ida - TariffWilliam McKinley
33%
Bank - King - VetoAndrew Jackson
32.2%
Bowdoin - Jane - HampshireFranklin Pierce
27.6%
Colfax - Greeley - MemoirUlysses S. Grant
27.2%
Bright's - Pendleton - StalwartChester A. Arthur
21.8%

You're not logged in!

Compare scores with friends on all Sporcle quizzes.
Sign Up with Email
OR
Log In

You Might Also Like...

Show Comments

Extras

Top Quizzes Today


Score Distribution

Your Account Isn't Verified!

In order to create a playlist on Sporcle, you need to verify the email address you used during registration. Go to your Sporcle Settings to finish the process.

Report this User

Report this user for behavior that violates our Community Guidelines.

Details: